[Event "TCh-ROU Superliga"]
[Site "Baile Govora ROU"]
[Date "2017.11.12"]
[EventDate "2017.11.11"]
[Round "2.5"]
[Result "1-0"]
[White "Wang Hao"]
[Black "Pavel Vavric"]
[WhiteElo "2706"]
[BlackElo "2364"]
[PlyCount "43"]

1. e4 c6 2. d4 d5 3. e5 Bf5 4. h4 h5 5. Bd3 Bxd3 6. Qxd3 e6
7. Bg5 Qb6 8. Nd2 c5 9. c4 Qxb2 10. Rd1 Qxd4 11. Qb3 Qxe5+
12. Ne2 Qc7 13. cxd5 exd5 14. Nf4 d4 15. O-O Be7 16. Nd5 Qd7
17. Bf4 Na6 18. Nc4 Rh6 19. Ne5 Qe6 20. Qb5+ Kd8 21. Qxb7 Rc8
22. Rfe1 1-0

[Event "TCh-ROU Superliga"]
[Site "Baile Govora ROU"]
[Date "2017.11.13"]
[EventDate "2017.11.11"]
[Round "3.2"]
[Result "1/2-1/2"]
[White "Mircea-Emilian Parligras"]
[Black "Wang Hao"]
[WhiteElo "2613"]
[BlackElo "2706"]
[PlyCount "61"]

1. d4 Nf6 2. c4 e6 3. Nf3 d5 4. Nc3 c6 5. e3 Nbd7 6. Qc2 Bd6
7. Be2 O-O 8. O-O b6 9. e4 Nxe4 10. Nxe4 dxe4 11. Qxe4 Bb7
12. Bf4 Bxf4 13. Qxf4 Qb8 14. Qxb8 Rfxb8 15. Rfd1 Kf8 16. Ne5
Rd8 17. Bf3 Rac8 18. Kf1 Nxe5 19. dxe5 Ba6 20. b3 c5 21. Ke2
Ke7 22. Rxd8 Rxd8 23. Rd1 Rxd1 24. Kxd1 f6 25. Be4 f5 26. Bc6
g5 27. Ke2 Kd8 28. g3 Bc8 29. h4 h6 30. hxg5 hxg5 31. f4
1/2-1/2

[Event "TCh-ROU Superliga"]
[Site "Baile Govora ROU"]
[Date "2017.11.14"]
[EventDate "2017.11.11"]
[Round "4.4"]
[Result "0-1"]
[White "Wang Hao"]
[Black "Dan Bogdan"]
[WhiteElo "2706"]
[BlackElo "2381"]
[PlyCount "84"]

1. d4 g6 2. c4 Bg7 3. Nc3 d6 4. e4 c5 5. d5 Nf6 6. Nf3 O-O
7. h3 e5 8. g4 Na6 9. Be3 Nc7 10. Nd2 Rb8 11. Be2 Nfe8 12. h4
f5 13. gxf5 gxf5 14. exf5 Bxf5 15. h5 Kh8 16. Nf1 Rg8 17. Ng3
Bd7 18. Nce4 Bf8 19. Bd3 Nf6 20. Bg5 Nce8 21. Nxf6 Nxf6
22. Ne4 Be7 23. Bxf6+ Bxf6 24. Nxd6 Qf8 25. Ne4 Bd8 26. Qe2
Ba5+ 27. Nc3 e4 28. Bxe4 Re8 29. Qe3 Bg4 30. Rg1 Qf6 31. Kf1
Qd4 32. Qxd4+ cxd4 33. f3 dxc3 34. bxc3 Bb6 35. Rxg4 Rxg4
36. fxg4 Rxe4 37. Re1 Rxe1+ 38. Kxe1 h6 39. Ke2 Kg7 40. Kf3
Kf6 41. Ke4 Bc5 42. a4 a5 0-1

[Event "TCh-ROU Superliga"]
[Site "Baile Govora ROU"]
[Date "2017.11.16"]
[EventDate "2017.11.11"]
[Round "6.3"]
[Result "1-0"]
[White "Wang Hao"]
[Black "Ivan Ivanisevic"]
[WhiteElo "2706"]
[BlackElo "2582"]
[PlyCount "65"]

1. Nf3 Nf6 2. c4 c5 3. Nc3 Nc6 4. e3 e5 5. d4 e4 6. Ne5 g6
7. Be2 Bg7 8. Nxc6 dxc6 9. dxc5 Qxd1+ 10. Kxd1 Bf5 11. Kc2 Ng4
12. Bxg4 Bxg4 13. h3 Be6 14. b3 Bxc3 15. Kxc3 h5 16. Rd1 h4
17. Rd4 Rh5 18. Rxe4 O-O-O 19. f4 Rhh8 20. Rd4 Bf5 21. Bb2
Rde8 22. Kd2 Rh5 23. Rg1 Be4 24. b4 g5 25. Rd6 gxf4 26. exf4
Rg8 27. Ke3 f5 28. Kf2 Rg3 29. Bf6 Rh7 30. Rd8+ Kc7 31. Rgd1
b6 32. Be5+ Kb7 33. b5 1-0

[Event "TCh-ROU Superliga"]
[Site "Baile Govora ROU"]
[Date "2017.11.17"]
[EventDate "2017.11.11"]
[Round "7.4"]
[Result "1/2-1/2"]
[White "Yuri Aleksandrovich Kuzubov"]
[Black "Wang Hao"]
[WhiteElo "2690"]
[BlackElo "2706"]
[PlyCount "37"]

1. d4 d5 2. c4 c6 3. e3 Nf6 4. Nc3 e6 5. b3 Bb4 6. Bd2 Nbd7
7. a3 Be7 8. Nf3 O-O 9. Bd3 b6 10. O-O Bb7 11. Qe2 c5 12. Rfd1
Rc8 13. cxd5 Nxd5 14. Ba6 Nxc3 15. Bxc3 Bxa6 16. Qxa6 cxd4
17. Bxd4 Qc7 18. Qb5 Rfd8 19. a4 1/2-1/2

[Event "TCh-ROU Superliga"]
[Site "Baile Govora ROU"]
[Date "2017.11.18"]
[EventDate "2017.11.11"]
[Round "8.2"]
[Result "1-0"]
[White "Wang Hao"]
[Black "Chopra Aryan"]
[WhiteElo "2706"]
[BlackElo "2529"]
[PlyCount "87"]

1. e4 e5 2. Nf3 Nc6 3. Bc4 Nf6 4. d3 Be7 5. O-O O-O 6. Re1 d6
7. a4 Kh8 8. Nc3 Bg4 9. h3 Bh5 10. Be3 Qd7 11. Nd5 Nxd5
12. Bxd5 Nb4 13. Bb3 f5 14. Nxe5 Qe8 15. Nf3 fxe4 16. dxe4 Qg6
17. Kh2 d5 18. e5 Rxf3 19. gxf3 Rf8 20. Rg1 Qe6 21. Rg3 Bh4
22. Rg4 Bxg4 23. hxg4 Qxe5+ 24. Kg2 Rd8 25. Qd2 Nc6 26. Rh1 g5
27. f4 Qe6 28. f3 Re8 29. Bd4+ Kg8 30. Be5 Kf8 31. Bxd5 Rd8
32. Rd1 Qe7 33. Bc3 Rd6 34. Kf1 Ke8 35. f5 Qd7 36. Bxc6 bxc6
37. Qe2+ Kf7 38. Qc4+ Rd5 39. Rxd5 cxd5 40. Qd4 Qd6 41. Qg7+
Ke8 42. Qe5+ Qxe5 43. Bxe5 c6 44. Bd4 1-0

[Event "TCh-ROU Superliga"]
[Site "Baile Govora ROU"]
[Date "2017.11.19"]
[EventDate "2017.11.11"]
[Round "9.5"]
[Result "0-1"]
[White "Bogdan-Daniel Deac"]
[Black "Wang Hao"]
[WhiteElo "2566"]
[BlackElo "2706"]
[PlyCount "64"]

1. e4 c5 2. Nf3 d6 3. d4 cxd4 4. Nxd4 Nf6 5. Nc3 a6 6. h4 Nc6
7. h5 h6 8. Be3 Ng4 9. Nxc6 bxc6 10. Bd2 Nf6 11. Qf3 e5
12. Qg3 Be6 13. Be2 Rb8 14. O-O-O Qb6 15. b3 a5 16. Qe3 Qxe3
17. Bxe3 Be7 18. f3 d5 19. exd5 Nxd5 20. Bd2 O-O 21. Na4 Nb4
22. Kb2 Bf5 23. c3 Nc2 24. c4 Ba3+ 25. Kc3 Nb4 26. Ra1 Nxa2+
27. Rxa2 Bb4+ 28. Kb2 Bxd2 29. Nc3 Rfd8 30. Rd1 Ra8 31. g3 Rd4
32. b4 Bxc3+ 0-1

[Event "IMSA Elite Mind Games (Rapid)"]
[Site "?"]
[Date "2017.12.10"]
[EventDate "?"]
[Round "1.6"]
[Result "0-1"]
[White "Pentala Harikrishna"]
[Black "Wang Hao"]
[WhiteElo "2687"]
[BlackElo "2770"]
[PlyCount "68"]

1. e4 e5 2. Nf3 Nc6 3. Bb5 Nf6 4. d3 d6 5. O-O Bd7 6. c4 g6
7. Nc3 Bg7 8. h3 O-O 9. Bg5 h6 10. Bh4 g5 11. Bg3 g4 12. Bxc6
bxc6 13. Nh2 gxh3 14. Bh4 hxg2 15. Kxg2 Qe8 16. Kh1 Nh7
17. Rg1 f5 18. exf5 Rxf5 19. Ne4 Kh8 20. Qe2 Qh5 21. Qxh5 Rxh5
22. Bg3 Rf8 23. f3 Rxf3 24. Raf1 Rxf1 25. Rxf1 Kg8 26. Bf2 c5
27. b4 cxb4 28. Bxa7 Bc6 29. Kg1 Ng5 30. Bb8 Nh3+ 31. Kg2 Nf4+
32. Rxf4 exf4 33. Bxc7 d5 34. cxd5 Rxd5 0-1

[Event "IMSA Elite Mind Games (Rapid)"]
[Site "?"]
[Date "2017.12.10"]
[EventDate "?"]
[Round "2.1"]
[Result "1/2-1/2"]
[White "Wang Hao"]
[Black "Shakhriyar Mamedyarov"]
[WhiteElo "2770"]
[BlackElo "2814"]
[PlyCount "82"]

1. d4 Nf6 2. c4 e6 3. Nf3 d5 4. Nc3 Bb4 5. Qb3 c5 6. dxc5 Qa5
7. Bd2 dxc4 8. Qxc4 Qxc5 9. Qxc5 Bxc5 10. Rc1 O-O 11. e3 Nc6
12. Be2 Bd7 13. O-O Rfd8 14. Rfd1 Be8 15. Be1 Rxd1 16. Rxd1
Rd8 17. Rxd8 Nxd8 18. Kf1 Kf8 19. Nd2 Bc6 20. Nb3 Bb6 21. Nb5
Nd5 22. Bd2 f5 23. Na5 Bd7 24. Nd6 Bxa5 25. Bxa5 Ke7 26. Nc4
Nc6 27. Bd2 e5 28. a3 e4 29. Na5 Nxa5 30. Bxa5 g5 31. Bc4 Be6
32. Bxd5 Bxd5 33. Bc3 Ke6 34. Bd4 a5 35. Bb6 a4 36. Bd8 h6
37. h4 gxh4 38. Bxh4 Bc4+ 39. Ke1 Bd5 40. Kf1 Bc4+ 41. Ke1 Bd5
1/2-1/2

[Event "IMSA Elite Mind Games (Rapid)"]
[Site "?"]
[Date "2017.12.10"]
[EventDate "?"]
[Round "3.3"]
[Result "0-1"]
[White "Yu Yangyi"]
[Black "Wang Hao"]
[WhiteElo "2752"]
[BlackElo "2770"]
[PlyCount "60"]

1. e4 e5 2. Nf3 Nc6 3. Bb5 Nf6 4. d3 Bc5 5. Bg5 d6 6. Nbd2 O-O
7. c3 a6 8. Bxc6 bxc6 9. d4 exd4 10. cxd4 Ba7 11. O-O h6
12. Bh4 Re8 13. Qa4 Bd7 14. e5 g5 15. Bg3 Nh5 16. Ne4 f5
17. exd6 fxe4 18. dxc7 Qc8 19. Ne5 Nxg3 20. hxg3 Qxc7 21. Rfe1
Rxe5 22. dxe5 Bxf2+ 23. Kxf2 Qb6+ 24. Ke2 Bg4+ 25. Kd2 Rd8+
26. Kc1 Qf2 27. Qb3+ Kg7 28. Qb4 c5 29. Qa5 e3 30. Rh1 e2 0-1

[Event "IMSA Elite Mind Games (Rapid)"]
[Site "?"]
[Date "2017.12.10"]
[EventDate "?"]
[Round "4.2"]
[Result "1-0"]
[White "Wang Hao"]
[Black "Vladislav Artemiev"]
[WhiteElo "2770"]
[BlackElo "2687"]
[PlyCount "83"]

1. d4 Nf6 2. c4 g6 3. g3 Bg7 4. Bg2 d5 5. cxd5 Nxd5 6. Nf3 Nb6
7. O-O Nc6 8. e3 O-O 9. Nc3 Bd7 10. Qe2 Qc8 11. d5 Na5 12. e4
e6 13. Be3 Re8 14. dxe6 Bxe6 15. Rfd1 Nc6 16. Nd4 Bg4 17. f3
Bd7 18. Rac1 f5 19. b3 Kh8 20. Qd2 Rd8 21. Qf2 Re8 22. exf5
gxf5 23. f4 Re7 24. Nxc6 Bxc6 25. Bxc6 bxc6 26. Bd4 Qe8
27. Bxg7+ Kxg7 28. Qc5 Kg6 29. Nb1 Re6 30. Nd2 Nd7 31. Qc3 Nf6
32. Nf3 Kg7 33. Nd4 Re4 34. Nxf5+ Kf7 35. Qxc6 Qf8 36. Rd6
cxd6 37. Nxd6+ Qxd6 38. Qxd6 Rae8 39. f5 Ng4 40. h3 Ne3
41. Rc7+ Kg8 42. f6 1-0

[Event "IMSA Elite Mind Games (Rapid)"]
[Site "?"]
[Date "2017.12.11"]
[EventDate "?"]
[Round "5.2"]
[Result "1-0"]
[White "Dmitry Andreikin"]
[Black "Wang Hao"]
[WhiteElo "2705"]
[BlackElo "2770"]
[PlyCount "71"]

1. d4 Nf6 2. Bg5 d5 3. Nd2 c5 4. dxc5 Nc6 5. c3 a5 6. Ngf3 e6
7. e4 Bxc5 8. Bd3 h6 9. Bh4 Be7 10. O-O O-O 11. e5 Nd7
12. Bxe7 Qxe7 13. Qe2 f6 14. exf6 Qxf6 15. Bc2 b6 16. Rfe1 Nc5
17. Qb5 Bd7 18. Qxb6 Qe7 19. Qc7 Rf6 20. Nb3 Nxb3 21. axb3 Rc8
22. Qg3 Rcf8 23. Rad1 Qc5 24. Rd2 Be8 25. h3 Qb6 26. Ne5 Nxe5
27. Rxe5 Bf7 28. Rd4 Qa7 29. Kh2 Be8 30. f4 Qc7 31. Qe3 Bf7
32. h4 g6 33. g4 Be8 34. g5 hxg5 35. hxg5 R6f7 36. Rxe6 1-0

[Event "IMSA Elite Mind Games (Rapid)"]
[Site "?"]
[Date "2017.12.11"]
[EventDate "?"]
[Round "7.1"]
[Result "1-0"]
[White "Le Quang Liem"]
[Black "Wang Hao"]
[WhiteElo "2750"]
[BlackElo "2770"]
[PlyCount "79"]

1. d4 Nf6 2. c4 e6 3. Nf3 d5 4. Nc3 c6 5. e3 Nbd7 6. Qc2 Bd6
7. Be2 O-O 8. b3 b6 9. O-O Bb7 10. Bb2 Qe7 11. Rad1 Rad8
12. Rfe1 Rfe8 13. g3 a6 14. Bf1 dxc4 15. bxc4 c5 16. d5 exd5
17. Nxd5 Nxd5 18. cxd5 Qe4 19. Qc3 Ne5 20. Nh4 Bf8 21. Bg2 Qc4
22. f4 Qxc3 23. Bxc3 Nc4 24. e4 b5 25. e5 b4 26. Ba1 Na3
27. Bb2 Nb5 28. d6 Bxg2 29. Kxg2 c4 30. Nf3 c3 31. Bc1 f6
32. d7 Re7 33. e6 f5 34. Nd4 c2 35. Nxc2 Nc3 36. Rd2 Ne4
37. Rxe4 fxe4 38. f5 g6 39. Rd5 gxf5 40. Nd4 1-0

[Event "IMSA Elite Mind Games (Blitz)"]
[Site "?"]
[Date "2017.12.12"]
[EventDate "?"]
[Round "1.5"]
[Result "1/2-1/2"]
[White "Wang Hao"]
[Black "Anton Korobov"]
[WhiteElo "2737"]
[BlackElo "2760"]
[PlyCount "125"]

1. e4 c5 2. Nf3 d6 3. d4 cxd4 4. Nxd4 Nf6 5. Nc3 a6 6. h4 b5
7. a4 b4 8. Nd5 e6 9. Nxf6+ Qxf6 10. g3 Bb7 11. Bg2 Qd8
12. O-O Nc6 13. Be3 Ne5 14. Qe2 h5 15. a5 Be7 16. Rfd1 g6
17. Ra4 Rb8 18. Rxb4 Qxa5 19. c3 O-O 20. Nxe6 fxe6 21. Bb6 Qa2
22. Bc7 a5 23. Rb6 Qc4 24. Qxc4 Nxc4 25. Rb5 Ne5 26. Bxb8 Rxb8
27. Ra1 Nc6 28. b4 axb4 29. cxb4 Kf7 30. Rd1 e5 31. Bf1 Nd4
32. Bc4+ Ke8 33. Rb6 Kd7 34. Bd5 Kc7 35. Rxb7+ Rxb7 36. Bxb7
Kxb7 37. Kg2 Nc6 38. Rd3 Nxb4 39. Rf3 Kc7 40. Rf7 Kd7 41. Rg7
Ke6 42. Rxg6+ Bf6 43. Rh6 Kf7 44. Rxh5 Kg6 45. Rf5 Nc2 46. h5+
Kg7 47. h6+ Kg6 48. h7 Bg7 49. Rf8 Kxh7 50. Rd8 Ne1+ 51. Kf1
Nf3 52. Rxd6 Ng5 53. Rd5 Nxe4 54. Kg2 Kg6 55. Rb5 Ng5 56. f4
exf4 57. gxf4 Nf7 58. Rb6+ Bf6 59. Kf3 Kf5 60. Rb5+ Kg6
61. Rb6 Kf5 62. Rb5+ Kg6 63. Ke4 1/2-1/2

[Event "IMSA Elite Mind Games (Blitz)"]
[Site "?"]
[Date "2017.12.12"]
[EventDate "?"]
[Round "2.3"]
[Result "1-0"]
[White "Shakhriyar Mamedyarov"]
[Black "Wang Hao"]
[WhiteElo "2770"]
[BlackElo "2737"]
[PlyCount "83"]

1. d4 Nf6 2. c4 e6 3. Nc3 Bb4 4. f3 d5 5. a3 Bxc3+ 6. bxc3 c5
7. cxd5 Nxd5 8. dxc5 f5 9. c4 Qh4+ 10. g3 Qxc4 11. e4 Qc3+
12. Bd2 Qe5 13. Bg2 fxe4 14. fxe4 O-O 15. Ne2 Nf6 16. O-O
Qxc5+ 17. Kh1 Nc6 18. Qb3 Qb6 19. Qa2 Kh8 20. Nf4 Qd8 21. Rad1
Qe8 22. Qb2 e5 23. Nd5 Bg4 24. Rc1 Qd7 25. Bg5 Nxd5 26. exd5
Nd4 27. d6 Bh3 28. Be7 Bxg2+ 29. Qxg2 Rxf1+ 30. Qxf1 Nc6
31. Qf7 Rg8 32. Rf1 h6 33. Kg2 Qg4 34. h3 Qe4+ 35. Qf3 Qg6
36. Qd5 Kh7 37. Bh4 Qc2+ 38. Rf2 Qb1 39. d7 Qg6 40. d8=Q Nxd8
41. Bxd8 e4 42. Bh4 1-0

[Event "IMSA Elite Mind Games (Blitz)"]
[Site "?"]
[Date "2017.12.12"]
[EventDate "?"]
[Round "3.4"]
[Result "0-1"]
[White "Wang Hao"]
[Black "Vladislav Artemiev"]
[WhiteElo "2737"]
[BlackElo "2798"]
[PlyCount "136"]

1. d4 Nf6 2. Nf3 g6 3. g3 b6 4. Bg2 Bb7 5. O-O c5 6. c4 cxd4
7. Qxd4 Bg7 8. Nc3 d6 9. b3 O-O 10. Bb2 Ne4 11. Qd3 Nd7
12. Qc2 Nxc3 13. Bxc3 Bxc3 14. Qxc3 Rc8 15. Qb2 Rc5 16. Rfd1
Qa8 17. Ne1 Bxg2 18. Nxg2 b5 19. cxb5 Rxb5 20. Ne3 Nf6
21. Rac1 Rc8 22. Qd4 Rbc5 23. Rc4 Rxc4 24. Nxc4 Qe4 25. Qxe4
Nxe4 26. Rd3 Nf6 27. f3 d5 28. Ne3 e6 29. Kf2 Nd7 30. Rd2 Kf8
31. Rc2 Rxc2 32. Nxc2 Ke7 33. Ke3 e5 34. f4 f6 35. fxe5 fxe5
36. Na3 a6 37. Nc2 Kd6 38. Kf3 Nc5 39. Ne3 e4+ 40. Kf2 d4
41. Nc4+ Kd5 42. Ke1 Na4 43. Kd2 Nc3 44. Nb6+ Kc6 45. Nc4 Nxa2
46. Ne5+ Kd5 47. Nd7 e3+ 48. Ke1 h5 49. h4 Nc3 50. Nf8 Ne4
51. Nxg6 Nxg3 52. Ne7+ Ke4 53. Nc6 Nf5 54. Nb4 Nxh4 55. Nxa6
Ng2+ 56. Kf1 Nf4 57. Nc5+ Kd5 58. Nd7 h4 59. Nf6+ Ke5 60. Ng4+
Kf5 61. Nh2 h3 62. b4 Ke4 63. b5 Kd5 64. Nf3 Kc5 65. Ke1 Ne6
66. Kf1 Kxb5 67. Kg1 Kc4 68. Kh2 Nf4 0-1

[Event "IMSA Elite Mind Games (Blitz)"]
[Site "?"]
[Date "2017.12.12"]
[EventDate "?"]
[Round "4.1"]
[Result "0-1"]
[White "Pentala Harikrishna"]
[Black "Wang Hao"]
[WhiteElo "2759"]
[BlackElo "2737"]
[PlyCount "116"]

1. e4 e5 2. Nf3 Nc6 3. Bc4 Nf6 4. d3 Be7 5. O-O O-O 6. Re1 d6
7. a4 Be6 8. Nc3 Qd7 9. a5 a6 10. Nd5 Bxd5 11. Bxd5 Nxd5
12. exd5 Nd4 13. Nxd4 exd4 14. h3 Bf6 15. Qf3 Qb5 16. b3 Rae8
17. Bd2 Re5 18. Rxe5 dxe5 19. Ra4 Be7 20. Qe4 Bd6 21. f4 f5
22. Qf3 Re8 23. fxe5 Rxe5 24. Kf1 Qxd5 25. Bf4 Qxf3+ 26. gxf3
Rd5 27. Bxd6 Rxd6 28. Rb4 b5 29. axb6 cxb6 30. Rc4 a5 31. b4
axb4 32. Rxb4 Kf7 33. Kf2 Kf6 34. Kg3 g5 35. h4 gxh4+ 36. Kxh4
Ke5 37. Kg3 Rg6+ 38. Kf2 Rc6 39. Kg3 f4+ 40. Kh3 Rxc2 41. Rb5+
Kd6 42. Rxb6+ Kc5 43. Rh6 Kb4 44. Kg4 Rc7 45. Kxf4 Kc3 46. Ke5
Re7+ 47. Kf6 Ra7 48. f4 Kxd3 49. f5 Ke4 50. Kg5 Ra5 51. Re6+
Kf3 52. Rd6 Ke3 53. Rd7 d3 54. Rxh7 Ke4 55. Rh4+ Ke5 56. Rh8
d2 57. Re8+ Kd4 58. Rd8+ Rd5 0-1

[Event "IMSA Elite Mind Games (Blitz)"]
[Site "?"]
[Date "2017.12.12"]
[EventDate "?"]
[Round "5.1"]
[Result "1/2-1/2"]
[White "Wang Hao"]
[Black "Rauf Mamedov"]
[WhiteElo "2737"]
[BlackElo "2755"]
[PlyCount "96"]

1. d4 Nf6 2. c4 g6 3. g3 Bg7 4. Bg2 O-O 5. Nc3 d6 6. Nf3 Nbd7
7. O-O e5 8. h3 exd4 9. Nxd4 Nb6 10. b3 c5 11. Nc2 Be6 12. Bg5
h6 13. Bxf6 Qxf6 14. Nb5 Rad8 15. Nc7 Bf5 16. Rc1 Qe7 17. Nd5
Nxd5 18. Qxd5 b5 19. Ne3 Be6 20. Qd2 bxc4 21. bxc4 Rb8
22. Rfd1 Rb2 23. Rc2 Rfb8 24. Rdc1 Bd4 25. Nd5 Qg5 26. e3 Bg7
27. h4 Qd8 28. Be4 Rxc2 29. Rxc2 a5 30. Rc1 Rb2 31. Rc2 Rb8
32. Rc1 a4 33. Rb1 Rxb1+ 34. Bxb1 Qb8 35. Be4 a3 36. Bd3 Bxd5
37. cxd5 h5 38. Qc2 Qb4 39. Kg2 Bf6 40. Bxg6 fxg6 41. Qxg6+
Bg7 42. Qe8+ Kh7 43. Qxh5+ Kg8 44. Qe8+ Kh7 45. Qh5+ Kg8
46. Qe8+ Bf8 47. Qg6+ Kh8 48. Qh5+ Kg8 1/2-1/2

[Event "IMSA Elite Mind Games (Blitz)"]
[Site "?"]
[Date "2017.12.12"]
[EventDate "?"]
[Round "6.5"]
[Result "1/2-1/2"]
[White "Yu Yangyi"]
[Black "Wang Hao"]
[WhiteElo "2701"]
[BlackElo "2737"]
[PlyCount "103"]

1. Nf3 d5 2. g3 Bg4 3. Bg2 e6 4. O-O Nf6 5. h3 Bxf3 6. Bxf3 c5
7. d3 Nc6 8. Nd2 g6 9. e4 Bg7 10. exd5 Nxd5 11. Ne4 b6 12. Bg5
f6 13. Bd2 O-O 14. Re1 Qd7 15. Bg2 Rfe8 16. Rb1 Rad8 17. a3 a5
18. h4 h6 19. c4 Nde7 20. Bxh6 Qxd3 21. Qa4 Qd7 22. Bf4 Nd4
23. Qxd7 Rxd7 24. Kf1 Red8 25. Red1 Nec6 26. Nc3 Ne7 27. Na4
e5 28. Be3 Nc2 29. Rxd7 Nxe3+ 30. fxe3 Rxd7 31. Nxb6 Rd2
32. g4 Bh6 33. Nd5 Nxd5 34. Bxd5+ Kf8 35. b4 axb4 36. axb4
cxb4 37. e4 Be3 38. Rxb4 Rh2 39. Rb3 Bd4 40. g5 Rxh4 41. Rb8+
Ke7 42. Rb7+ Kd6 43. gxf6 Rf4+ 44. Ke2 Rxf6 45. Rf7 Rxf7
46. Bxf7 Kc5 47. Bxg6 Kxc4 48. Kf3 Kc3 49. Bf5 Kb2 50. Bg6 Kc3
51. Bf5 Kb2 52. Bg6 1/2-1/2

[Event "IMSA Elite Mind Games (Blitz)"]
[Site "?"]
[Date "2017.12.12"]
[EventDate "?"]
[Round "7.2"]
[Result "1/2-1/2"]
[White "Wang Hao"]
[Black "Dmitry Andreikin"]
[WhiteElo "2737"]
[BlackElo "2771"]
[PlyCount "118"]

1. e4 c5 2. Nf3 e6 3. c3 Nf6 4. e5 Nd5 5. d4 cxd4 6. cxd4 b6
7. Bc4 Bb7 8. O-O d6 9. Bg5 Be7 10. Bxe7 Nxe7 11. Nc3 O-O
12. Qe2 Ng6 13. Rad1 Nc6 14. exd6 Qxd6 15. d5 exd5 16. Bxd5
Nf4 17. Bxf7+ Rxf7 18. Rxd6 Nxe2+ 19. Nxe2 Na5 20. Rfd1 Bxf3
21. gxf3 Rxf3 22. Nd4 Rf7 23. Ne6 h6 24. Rd8+ Rxd8 25. Rxd8+
Kh7 26. Rc8 g5 27. b4 Nb7 28. Rc6 Re7 29. Nd4 Rf7 30. Kg2 Nd8
31. Rd6 Nb7 32. Rd5 Kg6 33. a4 Kf6 34. Rf5+ Kg6 35. Re5 Nd6
36. Re6+ Rf6 37. Rxf6+ Kxf6 38. Kf3 a5 39. bxa5 bxa5 40. Nb3
Nc4 41. Ke4 Nb6 42. Nc5 h5 43. f3 Nc4 44. Nb3 Nb6 45. Nxa5
Nxa4 46. Nc4 Nc3+ 47. Kd4 Nb5+ 48. Ke3 Kf5 49. Nd2 Nc7 50. Ne4
Nd5+ 51. Kf2 h4 52. Ng3+ hxg3+ 53. Kxg3 Nf4 54. h4 Nh5+
55. Kh3 Nf4+ 56. Kg3 Ne2+ 57. Kh3 Ng1+ 58. Kg3 gxh4+ 59. Kxh4
Nxf3+ 1/2-1/2

[Event "IMSA Elite Mind Games (Blitz)"]
[Site "?"]
[Date "2017.12.12"]
[EventDate "?"]
[Round "9.5"]
[Result "0-1"]
[White "Wang Hao"]
[Black "Le Quang Liem"]
[WhiteElo "2737"]
[BlackElo "2771"]
[PlyCount "130"]

1. Nf3 d5 2. g3 g6 3. Bg2 Bg7 4. d4 Nf6 5. O-O O-O 6. c4 dxc4
7. Na3 Nc6 8. Nxc4 Be6 9. b3 Bd5 10. Bb2 a5 11. Rc1 a4
12. bxa4 Ra6 13. Nfe5 Bxg2 14. Kxg2 Qa8 15. Nxc6 Rxc6 16. Kg1
Rd8 17. Qb3 Ne4 18. Rfd1 e6 19. f3 Nd6 20. Ne5 Rb6 21. Qc2 Nf5
22. Qxc7 Rxb2 23. Qxf7+ Kh8 24. Qxe6 Nh6 25. Qc4 Qa6 26. Qxa6
bxa6 27. Nc6 Rf8 28. Re1 Nf5 29. e3 Rxa2 30. f4 Rxa4 31. Kf2
Nd6 32. Kf3 g5 33. Ra1 Rxa1 34. Rxa1 gxf4 35. gxf4 Ra8 36. e4
a5 37. e5 Nc4 38. Ra4 Nd2+ 39. Ke3 Nb3 40. d5 Bf8 41. d6 Kg7
42. Ra3 a4 43. Ke4 Nc5+ 44. Kd5 Nd7 45. f5 Nb6+ 46. Kd4 Rc8
47. Rg3+ Kh6 48. Ne7 Rc4+ 49. Kd3 a3 50. Ng8+ Kh5 51. Nf6+ Kh4
52. d7 Be7 53. Rg7 a2 54. Rxh7+ Kg5 55. Rg7+ Kxf5 56. Rg1 Kxe5
57. Ng8 Rd4+ 58. Kc2 Bd8 59. Kb2 Rd2+ 60. Ka1 Ke6 61. Rg6+ Kf7
62. Rg1 Nxd7 63. Nh6+ Ke6 64. Ng4 Bb6 65. Re1+ Kd6 0-1

[Event "IMSA Elite Mind Games (Blitz)"]
[Site "?"]
[Date "2017.12.12"]
[EventDate "?"]
[Round "10.6"]
[Result "0-1"]
[White "Wang Hao"]
[Black "Alexander Grischuk"]
[WhiteElo "2737"]
[BlackElo "2725"]
[PlyCount "84"]

1. e4 e5 2. Nf3 Nc6 3. Bb5 Nf6 4. d3 Bc5 5. Bxc6 dxc6 6. Nbd2
Nd7 7. O-O O-O 8. Nc4 Re8 9. Be3 Bf8 10. a4 b6 11. g3 f6
12. Nh4 Nc5 13. Nf5 Be6 14. b3 Qd7 15. Qf3 Bf7 16. g4 Ne6
17. h3 c5 18. Qg3 g6 19. Nh6+ Bxh6 20. Bxh6 Nd4 21. Qg2 Bxc4
22. dxc4 g5 23. h4 Ne2+ 24. Kh2 Nf4 25. Qf3 Qf7 26. h5 Rad8
27. Rad1 a5 28. Kg3 Qe6 29. Qe3 Kf7 30. f3 Rd4 31. c3 Rd7
32. Rd5 Red8 33. Rfd1 c6 34. R5d2 Qe7 35. Kf2 Ne6 36. Ke1 Rd6
37. Rxd6 Rxd6 38. Rxd6 Qxd6 39. b4 Nf4 40. bxc5 Qxc5 41. Kd2
Qxe3+ 42. Kxe3 Ne6 0-1

[Event "IMSA Elite Mind Games (Blitz)"]
[Site "?"]
[Date "2017.12.12"]
[EventDate "?"]
[Round "11.2"]
[Result "1/2-1/2"]
[White "Vassily Ivanchuk"]
[Black "Wang Hao"]
[WhiteElo "2815"]
[BlackElo "2737"]
[PlyCount "130"]

1. Nf3 d5 2. g3 g6 3. Bg2 Bg7 4. d4 Nf6 5. c4 c6 6. b3 O-O
7. O-O dxc4 8. bxc4 c5 9. Bb2 cxd4 10. Nxd4 Qb6 11. Qb3 Nfd7
12. Rd1 Nc5 13. Qxb6 axb6 14. Nc3 Na4 15. Rab1 Nxb2 16. Rxb2
Nc6 17. e3 Nxd4 18. exd4 Be6 19. Bxb7 Rad8 20. Nd5 Bxd5
21. cxd5 Rd6 22. a4 Rb8 23. Bc6 Rdd8 24. Rb4 e6 25. dxe6 fxe6
26. d5 Bf8 27. Rb3 Bc5 28. Rc1 exd5 29. Kg2 Rbc8 30. Bb5 Ra8
31. h4 Kg7 32. f4 Ra7 33. Kf3 Rd6 34. Rd3 d4 35. Re1 Rd8
36. Re6 Re7 37. Rc6 Ra8 38. g4 Rf7 39. Re6 Raf8 40. Re4 Rd8
41. g5 Re7 42. Rxe7+ Bxe7 43. Rd1 Bc5 44. Bd3 Re8 45. Be4 Re7
46. Rc1 Ra7 47. Rc4 h6 48. Kg4 hxg5 49. hxg5 Kf7 50. Bc2 Ra8
51. Kf3 Kg7 52. Ke4 Ra5 53. Kd5 Kf7 54. Kc6 Ra8 55. Kb7 Ra5
56. Be4 Kg7 57. Bc6 d3 58. Rc3 Be3 59. Rxd3 Bxf4 60. Rd7+ Kf8
61. Bb5 Bxg5 62. Kxb6 Rxb5+ 63. axb5 Ke8 64. Kc6 Be3 65. b6
Bxb6 1/2-1/2

[Event "IMSA Elite Mind Games (Blitz)"]
[Site "?"]
[Date "2017.12.13"]
[EventDate "?"]
[Round "12.5"]
[Result "0-1"]
[White "Anton Korobov"]
[Black "Wang Hao"]
[WhiteElo "2760"]
[BlackElo "2737"]
[PlyCount "108"]

1. d4 Nf6 2. c4 e6 3. Nf3 d5 4. Nc3 c6 5. Bg5 Nbd7 6. e3 Qa5
7. Nd2 Bb4 8. Qc2 O-O 9. Be2 dxc4 10. Bxf6 Nxf6 11. Nxc4 Qc7
12. O-O Nd5 13. Ne4 Be7 14. Rac1 Rd8 15. a3 a5 16. Rfd1 Bd7
17. g3 Be8 18. h4 h6 19. Bf3 Rac8 20. Qe2 b6 21. Qe1 Qb8
22. Kg2 a4 23. Rc2 c5 24. dxc5 bxc5 25. Rdc1 Bb5 26. Ned2 Bc6
27. Kh2 Bxh4 28. Ne4 Be7 29. Qe2 Bb5 30. Qe1 g6 31. Qa5 h5
32. Kg2 Bxc4 33. Rxc4 Qxb2 34. R1c2 Qxa3 35. Nxc5 Ra8 36. Qe1
Rdc8 37. Nd7 Rxc4 38. Rxc4 Qd6 39. Nc5 a3 40. Ne4 Qa6 41. Rc1
a2 42. Ra1 Qa3 43. Qe2 f5 44. Bxh5 fxe4 45. Bxg6 Nf6 46. Qc2
Kg7 47. Bxe4 Ra4 48. Bf3 Ra7 49. Qc4 Qa6 50. Qf4 Qa4 51. Qg5+
Kf7 52. Bh5+ Nxh5 53. Qxh5+ Kg7 54. Qe5+ Bf6 0-1

[Event "IMSA Elite Mind Games (Blitz)"]
[Site "?"]
[Date "2017.12.13"]
[EventDate "?"]
[Round "13.3"]
[Result "0-1"]
[White "Wang Hao"]
[Black "Shakhriyar Mamedyarov"]
[WhiteElo "2737"]
[BlackElo "2770"]
[PlyCount "76"]

1. d4 d6 2. Nf3 g6 3. c4 Bg7 4. Nc3 Bg4 5. e3 Nf6 6. Be2 O-O
7. O-O Nc6 8. d5 Nb8 9. h3 Bd7 10. e4 c6 11. Be3 Na6 12. Nd2
Rc8 13. Rc1 e6 14. dxe6 Bxe6 15. Nf3 Re8 16. Ng5 h6 17. Nxe6
Rxe6 18. f3 Nh5 19. Qd2 Qh4 20. Bf2 Qf4 21. Qxf4 Nxf4 22. Rfe1
Nb4 23. Rcd1 Nc2 24. Bg3 Nxe1 25. Bxf4 Nc2 26. Rxd6 Rxd6
27. Bxd6 Rd8 28. e5 Nd4 29. Bd3 Ne6 30. Ne4 Bxe5 31. Bxe5 Rxd3
32. Kf2 f5 33. Nd6 Rd2+ 34. Ke3 Rxg2 35. Nxb7 f4+ 36. Kd3 Rf2
37. c5 Rxf3+ 38. Kd2 Rxh3 0-1